000 00667nam a2200181Ia 4500
008 100920s9999 xx 000 0 und d
082 _b7836
_a891.43 थ 50
100 _aरायके व्दिजेन्द्रलाल./अनु. पाण्डेय रूपनारायण.
245 _aशाहजहाँ.
260 _bहिन्दी ग्रन्थ रत्नाकर कार्यालय, बम्बई.
_c1950
300 _a135
_bसाधी
365 _b1.5
520 _aहिंदी.
630 _aशाहजहाँ.
650 _aहिंदी.
730 _aशाहजहाँ.
942 _cBOOK
999 _c675578
_d675575